000 01455cab a2200505 4500
001 ABS45891
008 090401t1992 xxu||||| |||| 00| 0 eng d
035 _a(Sirsi) u55752
041 _aeng
245 _aGlossary of property terms : Stock Exchange
260 _c1992
350 _a0
490 _aEstates Gazette
_v(9206) 15 February 1992, 140(1)
520 _aListing of definitions connected with the Stock Exchange to update and expand the Glossary of Property Terms (see also Abs 45039 on financial services and Abs 45355 on rating and taxation).
650 _aFIXED INTEREST
650 _aFT INDEX
650 _aFULLY PAID
650 _aGLOSSARIES
650 _aGROSSING UP
650 _aINDEX LINKED GILT
650 _aINTERNATIONAL ORGANISATION OF SECURITIES COMMISSIONS
650 _aINVESTMENT
650 _aIOSCO
650 _aISSUING HOUSE
650 _aLOAN STOCK
650 _aNET ASSET VALUE
650 _aNIL PAID
650 _aNOMINEE NAME
650 _aNORMAL MARKET SIZE
650 _aPAR
650 _aSEAQ
650 _aSECURITIES
650 _aSTAG
650 _aSTOCK EXCHANGE AUTOMATED QUOTATION SYSTEM
650 _aSTOCK EXCHANGE
650 _aTALISMAN
650 _aTAP STOCKS
650 _aTAURUS
650 _aTOPIC
650 _aTRADED OPTIONS
650 _aWHITE KNIGHT
690 _aPROPERTY-PROPERTY FINANCE AND INVESTMENT
942 _n0
948 _c04/03/1997
999 _c34079
_d34079